[Event "Krakow op-C"]
[Site "Krakow"]
[Date "2006.01.02"]
[Round "7"]
[White "Kacinski, Robert"]
[Black "Mrozowski, Jan"]
[Result "0-1"]
[WhiteElo "1600"]
[BlackElo "1600"]
[PlyCount "68"]
[EventDate "2005.12.27"]
[EventType "swiss"]
[EventRounds "9"]
[EventCountry "POL"]
[SourceTitle "CBM 110 Extra"]
[Source "ChessBase"]
[SourceDate "2006.03.10"]
[SourceVersion "2"]
[SourceVersionDate "2006.03.10"]
[SourceQuality "1"]

1. c4 Nf6 2. d4 g6 3. Nc3 d5 4. cxd5 Nxd5 5. Nf3 Bg7 6. e4 Nxc3 7. bxc3 c5 8. Be3 Qa5 9. Bd2 0-0 10. Bc4 cxd4 11. cxd4 Qd8 12. Bc3 Nc6 13. Qd2 Bg4 14. Rd1 Qd7 15. Qb2 Qc7 16. e5 Bxf3 17. gxf3 Nxe5 18. Be2 Nc6 19. d5 Bxc3+ 20. Qxc3 Qe5 21. Qd2 Nd8 22. Kf1 Qd6 23. h4 h5 24. Rg1 Qf6 25. Rg5 e6 26. f4 Kg7 27. Bd3 Kh8 28. Bc2 Kg7 29. Qd3 exd5 30. Rxh5 Ne6 31. Qg3 Rh8 32. Rdxd5 Rxh5 33. Rxh5 Nxf4 34. Ra5 Qa1+ 0-1

[Event "Krakow op-C"]
[Site "Krakow"]
[Date "2005.12.29"]
[Round "3"]
[White "Lichacz, Rafal"]
[Black "Kacinski, Robert"]
[Result "0-1"]
[WhiteElo "1600"]
[BlackElo "1600"]
[PlyCount "48"]
[EventDate "2005.12.27"]
[EventType "swiss"]
[EventRounds "9"]
[EventCountry "POL"]
[SourceTitle "CBM 110 Extra"]
[Source "ChessBase"]
[SourceDate "2006.03.10"]
[SourceVersion "2"]
[SourceVersionDate "2006.03.10"]
[SourceQuality "1"]

1. d4 d5 2. c4 e6 3. Nc3 c6 4. e3 Nf6 5. Nf3 Be7 6. Bd3 dxc4 7. Bxc4 0-0 8. 0-0 Nbd7 9. a3 Nb6 10. Bd3 c5 11. Qe2 Bd7 12. dxc5 Bxc5 13. b4 Be7 14. Rd1 Nbd5 15. Nxd5 Nxd5 16. Bb2 Rc8 17. e4 Nc3 18. Bxc3 Rxc3 19. Ne5 Ba4 20. Rd2 Qc7 21. Nc4 Rd8 22. e5 Bg5 23. Ne3 g6 24. Be4 Rc1+ 0-1